velocità di scrittura - Statistics

Statistiche generali
  • Questo quiz è stato fatto 785 volte
  • Il punteggio medio è 16 su 20
Statistiche sulle risposte
parola copia % Corretto
arancia arancia
99%
banana banana
97%
caco caco
96%
dattero dattero
94%
fragola fragola
92%
erbetta erbetta
91%
ghianda ghianda
89%
hotel hotel
89%
italia italia
88%
mano mano
88%
nonna nonna
84%
lotteria lotteria
83%
opaco opaco
79%
pesto pesto
74%
quadro quadro
69%
rosa rosa
66%
sasso sasso
62%
tempo tempo
51%
uova uova
48%
vita vita
43%
Nessun quiz corrispondente trovato
Distribuzione punteggi
Percentuale di utenti per punteggio
Percentile per numero di risposta
I tuoi punteggi nel tempo
Non hai fatto questo quiz